Správa zo študijnej cesty do NDR v dňoch 6. 10. - 11.10. 1980

Bibliographic Details
Main Author: Molnár, Ján (Author)
Format: Article
Language:Slovak
Subjects:

MARC

LEADER 00000nab a2200000 a 4500
001 vtls000104595
003 SK-MaSNL
005 20260303163840.0
008 150501c1981 xo 0 slo
015 |a SNBRA19rr/mm-uuuuu 
035 |a CL0114698 
040 |a SNKBUCL  |b slo  |c SNKBUCL  |e AACR2 
041 0 |a slo 
044 |a xo  |c SK 
080 |a 025.52  |2 1981 
080 |a 027.54(430.2)  |2 1981 
080 |a 023.4  |2 1981 
080 |a 061.4(430.2)  |2 1981 
100 1 |a Molnár, Ján  |4 aut  |9 6817 
245 1 0 |a Správa zo študijnej cesty do NDR v dňoch 6. 10. - 11.10. 1980  |c Ján Molnár 
650 0 7 |a Nemecká štátna knižnica, Berlín  |2 snkbucl  |9 959489 
650 0 7 |a služby bibliograficko-informačné  |2 snkbucl  |9 921860 
650 0 7 |a študijné cesty  |2 snkbucl  |9 81603 
655 7 |a články zo zborníkov  |2 snkbucl  |9 166140 
655 7 |a články z odboru knihovníctvo  |2 snkbucl  |9 166141 
773 0 |t Správy zo študijných ciest knihovníkov do zahraničia. Výťahy 22  |d Martin : Matica slovenská, 1981 
850 |a Slovenská národná knižnica v Martine  |a MTA001 
852 |a SNK  |b KIS3GCP 
958 |a RK 
958 |a KL 
958 |a DE 
992 |a RZB 
999 |c 2061713  |d 2063643